[Event "Hessen-ch U12"]
[Site "Bad Homburg"]
[Date "2014.??.??"]
[Round "4"]
[White "Baladjaev, Leyla"]
[Black "Gelfenbaum, Daniel"]
[Result "0-1"]
[WhiteElo "1260"]
[BlackElo "1708"]
[PlyCount "54"]
[EventDate "2014.04.??"]
[EventType "swiss"]
[EventRounds "9"]
[EventCountry "GER"]
[SourceTitle "EXT 2022"]
[Source "ChessBase"]
[SourceDate "2021.10.06"]
[SourceVersion "1"]
[SourceVersionDate "2021.10.06"]
[SourceQuality "1"]

1. e4 c5 2. Nf3 a6 3. Be2 Nc6 4. 0-0 e5 5. Nc3 Nf6 6. d3 b5 7. Be3 Bb7 8. a4 Nd4 9. Nxe5 Qc7 10. Nf3 Ng4 11. g3 Nxe3 12. fxe3 Nxe2+ 13. Qxe2 b4 14. Nb1 Bd6 15. Qf2 0-0 16. Nbd2 f6 17. Nh4 g6 18. Nc4 Rae8 19. Nxd6 Qxd6 20. Qf4 Qc6 21. Nf3 d6 22. Nd2 f5 23. Nc4 fxe4 24. Na5 Rxf4 25. Nxc6 Rxf1+ 26. Rxf1 Bxc6 27. b3 exd3 0-1

[Event "Hessen-ch U12"]
[Site "Bad Homburg"]
[Date "2014.??.??"]
[Round "1"]
[White "Dietl, Vinzent"]
[Black "Baladjaev, Leyla"]
[Result "0-1"]
[WhiteElo "807"]
[BlackElo "1260"]
[PlyCount "46"]
[EventDate "2014.04.??"]
[EventType "swiss"]
[EventRounds "9"]
[EventCountry "GER"]
[SourceTitle "EXT 2022"]
[Source "ChessBase"]
[SourceDate "2021.10.06"]
[SourceVersion "1"]
[SourceVersionDate "2021.10.06"]
[SourceQuality "1"]

1. e4 c6 2. Nf3 d6 3. Bc4 Nd7 4. Ng5 e6 5. d3 Ngf6 6. Nc3 Be7 7. Be3 0-0 8. Qf3 h6 9. Nh3 Ne5 10. Qg3 Nh5 11. Qxe5 dxe5 12. 0-0-0 b5 13. Bb3 a5 14. a3 Nf6 15. f4 Nd7 16. Rhf1 exf4 17. Rxf4 e5 18. Rg4 Nf6 19. Rg3 Nh5 20. Rf3 Bg4 21. Rdf1 Bxf3 22. Rxf3 Nf6 23. Rg3 Kh7 0-1

[Event "Hessen-ch U12"]
[Site "Bad Homburg"]
[Date "2014.??.??"]
[Round "9"]
[White "Engert, Kiyan"]
[Black "Baladjaev, Leyla"]
[Result "0-1"]
[WhiteElo "989"]
[BlackElo "1260"]
[PlyCount "78"]
[EventDate "2014.04.??"]
[EventType "swiss"]
[EventRounds "9"]
[EventCountry "GER"]
[SourceTitle "EXT 2022"]
[Source "ChessBase"]
[SourceDate "2021.10.06"]
[SourceVersion "1"]
[SourceVersionDate "2021.10.06"]
[SourceQuality "1"]

1. d4 c6 2. e4 d6 3. Nf3 Nd7 4. Bc4 e6 5. 0-0 Be7 6. Be3 e5 7. dxe5 dxe5 8. Nc3 Ngf6 9. h3 0-0 10. Re1 Qc7 11. Qe2 Re8 12. Ng5 Rf8 13. Rad1 h6 14. Nf3 Nc5 15. Bxc5 Bxc5 16. a3 a5 17. Na4 Be7 18. Nc3 Kh8 19. Nh2 Nd7 20. Qf3 Nc5 21. Qg3 f5 22. exf5 Rxf5 23. Bd3 Nxd3 24. Rxd3 Rg5 25. Qe3 Bf5 26. Rd2 Bf6 27. Ne4 Rg6 28. Nxf6 gxf6 29. Qf3 Be6 30. Qd3 Qg7 31. Qf3 Bd5 32. Rxd5 cxd5 33. Qxd5 Rg8 34. g4 h5 35. Qf3 hxg4 36. hxg4 Qh7 37. Re4 f5 38. Qxf5 Rxg4+ 39. Qxg4 Qxe4 0-1

[Event "GER-ch U10"]
[Site "Oberhof"]
[Date "2013.05.22"]
[Round "6"]
[White "Baladjaev, Leyla"]
[Black "Eulitz, Charlotte"]
[Result "1-0"]
[WhiteElo "1385"]
[BlackElo "1009"]
[PlyCount "35"]
[EventDate "2013.05.19"]
[EventType "swiss"]
[EventRounds "11"]
[EventCountry "GER"]
[SourceTitle "CBM 154 Extra"]
[Source "ChessBase"]
[SourceDate "2013.06.25"]
[SourceVersion "2"]
[SourceVersionDate "2013.06.25"]
[SourceQuality "1"]

1. e4 e5 2. Nf3 Nc6 3. Bb5 a6 4. Ba4 Nf6 5. 0-0 Bc5 6. c3 Nxe4 7. d4 exd4 8. cxd4 Bb6 9. d5 Nb8 10. Qe2 f5 11. Bg5 Qxg5 12. Nxg5 0-0 13. Nxe4 fxe4 14. Qxe4 c6 15. d6 Rf6 16. Qe8+ Rf8 17. Bb3+ Kh8 18. Qxf8# 1-0

[Event "GER-ch U10"]
[Site "Oberhof"]
[Date "2012.05.27"]
[Round "1"]
[White "Baladjaev, Leyla"]
[Black "Schilay, Lorenz"]
[Result "0-1"]
[WhiteElo "1113"]
[BlackElo "1494"]
[PlyCount "124"]
[EventDate "2012.05.27"]
[EventType "swiss"]
[EventRounds "11"]
[EventCountry "GER"]
[SourceTitle "CBM 148 Extra"]
[Source "ChessBase"]
[SourceDate "2012.06.22"]
[SourceVersion "1"]
[SourceVersionDate "2012.06.22"]
[SourceQuality "1"]

1. d4 d5 2. Nf3 Nf6 3. g3 e6 4. Bg2 Nbd7 5. 0-0 Bd6 6. c4 c6 7. Nbd2 b6 8. b3 0-0 9. Bb2 Re8 10. Ne5 Qc7 11. Ndf3 Ne4 12. Nxd7 Qxd7 13. Ne5 Bxe5 14. dxe5 Nc5 15. Ba3 Nb7 16. Qc2 Rd8 17. e4 d4 18. Qd3 c5 19. b4 Qc7 20. f4 Bd7 21. Rf2 a6 22. Qf3 cxb4 23. Bxb4 Qxc4 24. Bd2 Nc5 25. f5 Qd3 26. Qg4 Kh8 27. f6 Rg8 28. Qf4 Be8 29. fxg7+ Rxg7 30. Qf6 Nd7 31. Qe7 Rc8 32. Bg5 Kg8 33. Bh6 Rg6 34. Bg5 h6 35. Bf6 Nxf6 36. Rxf6 Qe3+ 37. Rf2 Qg5 38. Qxg5 Rxg5 39. Rd2 Rxe5 40. Rxd4 Rc6 41. Bf1 a5 42. Bb5 Rxb5 43. a4 Rb4 44. Rad1 Rxd4 45. Rxd4 Rc2 46. Kf1 Rxh2 47. Ke1 Rb2 48. Kd1 Rb4 49. Rxb4 axb4 50. Kc2 Bxa4+ 51. Kb2 f5 52. e5 h5 53. Kc1 h4 54. gxh4 f4 55. Kd2 f3 56. Ke3 b3 57. Kxf3 b2 58. Ke2 b1Q 59. Kd2 Qc2+ 60. Ke3 Qc4 61. Kd2 Qb3 62. Kc1 Qc2# 0-1

[Event "Hessen-ch U10"]
[Site "Bad Homburg"]
[Date "2012.??.??"]
[Round "6"]
[White "Baladjaev, Leyla"]
[Black "Schor, Daniel"]
[Result "1-0"]
[WhiteElo "1020"]
[BlackElo "878"]
[PlyCount "41"]
[EventDate "2012.04.??"]
[EventType "swiss"]
[EventRounds "9"]
[EventCountry "GER"]
[SourceTitle "EXT 2015"]
[Source "ChessBase"]
[SourceDate "2014.11.20"]
[SourceVersion "1"]
[SourceVersionDate "2014.11.20"]
[SourceQuality "1"]

1. d4 d5 2. Nf3 Nc6 3. g3 Nf6 4. Bg2 Bf5 5. a3 Qd6 6. 0-0 0-0-0 7. e3 e6 8. c4 dxc4 9. Nbd2 Qd5 10. Nh4 Be4 11. Nhf3 Be7 12. b4 cxb3 13. Nxb3 b6 14. Bb2 Rd7 15. Nbd2 Rhd8 16. Nxe4 Nxe4 17. Qc2 Rd6 18. Rac1 g5 19. a4 g4 20. Ne5 Nxe5 21. Qxc7# 1-0